000 00705nam a2200217 a 4500
005 20210219154123.0
008 020904s1995 mx r 000 0 spa d
020 _a9684963025
035 _aUPN01000118891
049 _aCG
050 4 _aF1219
_bV3.3
100 1 _aValdés, Carlos Manuel
245 1 3 _aLa gente del mezquite :
_blos nómadas del noreste en la colonia /
_cCarlos Manuel Valdés.
260 _aMéxico :
_bCIESAS :
_bINI,
_c1995.
300 _a279 p. :
_bil., cuadro., mapas
440 0 _aHistoria de los pueblos indígenas de México
650 4 _aINDIOS DE MEXICO -
_zCOAHUILA
650 4 _aINDIOS DE MEXICO -
_zNUEVO LEON
650 4 _aINDIOS DE MEXICO -
_zTAMAULIPAS
905 _aLibro
999 _c91254
_d91254